Central Library OPAC University of Rajshahi

Genesis and geology : (Record no. 11304)

MARC details
000 -LEADER
fixed length control field 01115cam a2200289 a 4500
001 - CONTROL NUMBER
control field 11304
003 - CONTROL NUMBER IDENTIFIER
rucl marc code BD-RjUL
005 - DATE AND TIME OF LATEST TRANSACTION
control field 20211208235113.0
008 - FIXED-LENGTH DATA ELEMENTS--GENERAL INFORMATION
fixed length control field 140126s1959 nyu 001 0 eng d
035 ## - SYSTEM CONTROL NUMBER
System control number CURL 020000376287(Edi) from jcc1169
System control number (OCoLC)383587
-- (BD-RjUL)11353
040 ## - CATALOGING SOURCE
Original cataloging agency DLC
Transcribing agency WSU
Modifying agency OCL
-- m.c
-- EUX
-- BD-RjUL
Language of cataloging eng
041 ## - LANGUAGE CODE
Language code of text/sound track or separate title eng
082 00 - DEWEY DECIMAL CLASSIFICATION NUMBER
Classification number 213
Author mark and year GIG 1959
100 1# - MAIN ENTRY--PERSONAL NAME
Personal name Gillispie, Charles Coulston.
9 (RLIN) 22634
245 10 - TITLE STATEMENT
Title Genesis and geology :
Remainder of title a study in the relations of scientific thought, natural theology, and social opinion in Great Britain, 1790-1850 /
Statement of responsibility, etc. Charles Coulston Gillispie.
260 ## - PUBLICATION, DISTRIBUTION, ETC. (IMPRINT)
Place of publication, distribution, etc. New York :
Name of publisher, distributor, etc. Harper & Row,
Date of publication, distribution, etc. c1959.
300 ## - PHYSICAL DESCRIPTION
Pagination [xiv], 306 p. ;
Size 21 cm.
490 1# - SERIES STATEMENT
Series statement Harper torchbooks. Cloister library
500 ## - GENERAL NOTE
General note Originally published as Vol. LVIII of the Harvard Historical Studies and reprinted by arrangement with the Harvard University Press.
650 #0 - SUBJECT ADDED ENTRY--TOPICAL TERM
Topical term or geographic name as entry element Geology.
9 (RLIN) 34960
Topical term or geographic name as entry element Religion and science
General subdivision History.
9 (RLIN) 34961
830 #0 - SERIES ADDED ENTRY--UNIFORM TITLE
Uniform title Harper torchbooks.
942 ## - ADDED ENTRY ELEMENTS (KOHA)
Source of classification or shelving scheme Dewey Decimal Classification
Koha item type Books
Holdings
Lost status Source of classification or shelving scheme Damaged status Not for loan Permanent Location Current Location Shelving location Date acquired Source of acquisition Cost, normal purchase price Total Checkouts Full call number Date last seen Copy number Koha item type
  Dewey Decimal Classification   Not For Loan Central Library, University of Rajshahi Central Library, University of Rajshahi Reading Room 15/05/1963 Asia Foundation. 0.00   213 GIG 1959 26/01/2014 C-1 Books